Constituciones vigentes en la República Mexicana : (Record no. 69691)
[ view plain ]
| 000 -LEADER | |
|---|---|
| fixed length control field | 00916cam a2200217 4500 |
| 050 04 - LIBRARY OF CONGRESS CALL NUMBER | |
| Classification number | KGF2916 |
| Item number | C66 1962 |
| 008 - FIXED-LENGTH DATA ELEMENTS--GENERAL INFORMATION | |
| fixed length control field | t19621962mx spa |
| 245 00 - TITLE STATEMENT | |
| Title | Constituciones vigentes en la República Mexicana : |
| Remainder of title | con las leyes orgánicas de los territorios federales y del Departamento del Distrito Federal / |
| Statement of responsibility, etc | recopilación, ordenación y revisión de textos por Margarita de la Villa de Helguera. |
| 250 ## - EDITION STATEMENT | |
| Edition statement | 1a ed. |
| 260 ## - PUBLICATION, DISTRIBUTION, ETC. (IMPRINT) | |
| Place of publication, distribution, etc | México : |
| Name of publisher, distributor, etc | Imprenta Universitaria , |
| Date of publication, distribution, etc | c1962 |
| 300 ## - PHYSICAL DESCRIPTION | |
| Extent | 2 v. ; |
| Dimensions | 24 cm. |
| 490 #0 - SERIES STATEMENT | |
| Series statement | Fuentes |
| 490 #0 - SERIES STATEMENT | |
| Series statement | Textos y Estudios Legislativos ; |
| Volume number/sequential designation | 3 |
| 650 #7 - SUBJECT ADDED ENTRY--TOPICAL TERM | |
| Topical term or geographic name as entry element | Constituciones |
| Geographic subdivision | México |
| Source of heading or term | Lemb |
| 650 #7 - SUBJECT ADDED ENTRY--TOPICAL TERM | |
| Topical term or geographic name as entry element | Derecho constitucional |
| Geographic subdivision | México |
| Source of heading or term | Lemb |
| 700 1# - ADDED ENTRY--PERSONAL NAME | |
| Personal name | Villa de Helguera, Margarita de la, comp. |
| 710 2# - ADDED ENTRY--CORPORATE NAME | |
| Corporate name or jurisdiction name as entry element | Universidad Nacional Autónoma de México. |
| Subordinate unit | Instituto de Derecho Comparado |
| 942 ## - ADDED ENTRY ELEMENTS (KOHA) | |
| Source of classification or shelving scheme | Biblioteca del Cogreso de los Estados Unidos |
| Koha item type | Libro |
| Estado de pérdida | Fuente de clasificación | Estado del daño | No para préstamo | Ubicación permanente | Ubicación actual | Apartado o colección | Fecha de adquisición | Edición | Dependencia de educación superior (DES) | Área del conocimiento | Clasificación | Código de Barras | Date last seen | Número de copia | Tipo de recurso |
|---|---|---|---|---|---|---|---|---|---|---|---|---|---|---|---|
| Biblioteca del Cogreso de los Estados Unidos | Biblioteca del Instituto de Investigaciones Históricas | Biblioteca del Instituto de Investigaciones Históricas | General | 16/10/2018 | 1a ed. | Humanidades | Ciencias Sociales y Administrativas | KGF2916 C66 C1962 T.I | IIH000002839 | 16/10/2018 | C:1 | Libro | |||
| Biblioteca del Cogreso de los Estados Unidos | Biblioteca del Instituto de Investigaciones Históricas | Biblioteca del Instituto de Investigaciones Históricas | General | 16/10/2018 | 1a ed. | Humanidades | Ciencias Sociales y Administrativas | KGF2916 C66 C1962 T.II | IIH000003014 | 16/10/2018 | C:1 | Libro | |||
| Biblioteca del Cogreso de los Estados Unidos | Biblioteca del Instituto de Investigaciones Históricas | Biblioteca del Instituto de Investigaciones Históricas | General | 16/10/2018 | 1a ed. | Humanidades | Ciencias Sociales y Administrativas | KGF2916 C66 C1962 T.II | IIH000003013 | 16/10/2018 | C:2 | Libro |